Statistics for Hamilton Characters by Song Quote

Click here to take the quiz!

General Stats

  • This quiz has been taken 2,353 times
  • The average score is 15 of 18

Answer Stats

QuoteCharacter% Correct
I am not throwing away my shot.Alexander Hamilton
100%
I want to be in the room where it happens.Aaron Burr
99%
Look into your eyes and the sky's the limit, I'm helpless.Eliza Schuyler Hamilton
98%
May you always be satisfied.Angelica Schuyler Church
96%
So what'd I miss?Thomas Jefferson
96%
History has its eyes on you.George Washington
95%
I will send a fully armed battalion to remind you of my love...King George III
92%
I go to France for more funds, I come back with more guns and ships.Maquis de Lafayette
92%
Daddy said to be home by sundown...Peggy Schuyler
92%
My husband's doing me wrong. Beating me, cheating me, mistreating me...Maria Reynolds
86%
I need no introduction, when you knock me down, I get the f*** back up againHercules Mulligan
85%
Tomorrow there'll be more of us!John Laurens
83%
I used to hear him say that some day I would blow us all away.Philip Hamilton
77%
I'm a General. Wheeeeeeeee!!!Charles Lee
76%
Maybe we can solve one problem with another, and win a victory for the Southerners, in other words...James Madison
76%
My name is ____________ and I present free thoughts on the proceedings of the Continental CongressSamuel Seabury
62%
Dear sir, I hope this letter finds you in good health, and in a prosperous enough position to put wealth...James Reynolds
61%
I didn't say anything that wasn't true. Your fathers a scoundrel, and so, it seems, are you.George Eacker
41%

Score Distribution

Percentile by Number Answered

Percent of People with Each Score

Your Score History

You have not taken this quiz